00501nam a22001697a 450000500170000001000120001702000260002903700230005508200060007810000310008424500520011526000360016727000690020330000200027294200200029299900190031220260228160634.0 aBACEN26 a9789373577869c165.00 bPangram Publishers aN aWilliam Shakespeare987857 aA Mid Summer Nights Dream/cWilliam Shakespeare aDelhibPangram Publishersc2025 aA 208, 2nd Floor, North Ex Mall, Sector-9, RohinibDelhie110085 a109.pc22cm(pb) 2ddccENhNmSHA c215176d215176